COŚ ZŁOTEGO - Statystyki

Ogólne statystyki
  • Ten quiz został rozwiązany 61 razy
  • Średni wynik to 3 z 7
Statystyki odpowiedzi
Odpowiedź % Poprawnych
NASZYJNIK
74%
PIERŚCIONEK
72%
KOLCZYK
66%
ZĄB
21%
Myśli
17%
RYBKA
13%
PRZEBOJE
2%
Nie znaleziono quizów pasujących do podanych kryteriów
Rozkład punktacji
Procent ludzi z każdym wynikiem
Percentyl według liczby udzielonych odpowiedzi
Twoja historia wyników
Nie rozwiązałeś tego quizu